| 000 | 00768cam a2200241 a 4500 | ||
|---|---|---|---|
| 005 | 20260322212024.0 | ||
| 008 | data | ||
| 010 | _a 89043550 | ||
| 020 |
_a0394586182 : _c{dollar}14.95 |
||
| 020 |
_a9780394586182 : _c{dollar}14.95 |
||
| 040 |
_aDLC _cDLC _dDLC |
||
| 050 | 0 | 0 |
_aPS3551.N464 _bI17 1990 |
| 082 | 0 | 0 |
_a811/.54 _220 |
| 092 | _a811 I17 1990 | ||
| 100 | 1 | _aAngelou, Maya. | |
| 245 | 1 | 0 |
_aI shall not be moved / _cMaya Angelou. |
| 250 | _a1st ed. | ||
| 260 |
_aNew York : _bRandom House, _cc1990. |
||
| 300 |
_a48 p. ; _c23 cm. |
||
| 856 | 4 | 2 |
_3Publisher description _uhttp://www.loc.gov/catdir/description/random0412/89043550.html |
| 856 | 4 | 2 |
_3Contributor biographical information _uhttp://www.loc.gov/catdir/enhancements/fy0703/89043550-b.html |
| 001 | data | ||
| 999 |
_c554 _d554 |
||